Training in research methodology in social sciences in india (Record no. 408108)

000 -LEADER
fixed length control field 00411cam a22001217a 4500
008 - FIXED-LENGTH DATA ELEMENTS--GENERAL INFORMATION
fixed length control field 180718b xxu||||| |||| 00| 0 eng d
082 ## - DEWEY DECIMAL CLASSIFICATION NUMBER
Classification number BO84x54 IN2/M4
100 ## - MAIN ENTRY--PERSONAL NAME
Personal name Ramachandaran, P.
245 ## - TITLE STATEMENT
Title Training in research methodology in social sciences in india
Statement of responsibility, etc. by P. Ramachandran
260 ## - PUBLICATION, DISTRIBUTION, ETC.
Place of publication, distribution, etc. New Delhi
Name of publisher, distributor, etc. Indian Council Of Social Science Reasearch
Date of publication, distribution, etc.
300 ## - PHYSICAL DESCRIPTION
Extent 117p
650 ## - SUBJECT ADDED ENTRY--TOPICAL TERM
Topical term or geographic name entry element Social sciences - research - India
Holdings
Withdrawn status Lost status Damaged status Not for loan Permanent Location Current Location Date acquired Full call number Barcode Date last seen Price effective from Koha item type
        Indian Institute of Public Administration Indian Institute of Public Administration 2008-12-16 BO84x54 IN2/M4 D1197 2018-07-21 2018-07-21 D

Powered by Koha